| 000 | 00531nam a2200205Ia 4500 | ||
|---|---|---|---|
| 003 | OSt | ||
| 005 | 20251211155514.0 | ||
| 008 | 210707s1983 xx 000 0 und d | ||
| 040 | _cAL | ||
| 041 | _aKannada | ||
| 082 | _aK894.3 DEVM | ||
| 100 |
_aDEVUDU _dದೇವುಡು _9248881 |
||
| 245 |
_aMahabrahmana. _bಮಹಾಬ್ರಾಹ್ಮಣ |
||
| 260 |
_aBengaluru _bVishva Kannada Sammelana _c1983 |
||
| 300 | _avi,330 p | ||
| 365 |
_b3 _cINR |
||
| 563 | _aPB | ||
| 650 |
_aKannada Fiction _9248882 |
||
| 942 |
_2ddc _cBK |
||
| 999 |
_c180147 _d180147 |
||